000 00520nam a2200181Ia 4500
005 20250508161657.0
008 008 250505s9999 xx 000 0 eng d
037 _aBooks to be hide in OPAC
040 _aFEDL
_beng
_cFEDL
041 _aeng
_2eng
084 _a930, EAS/O
_qFEDL
100 _aEaston Stewart C
_996782
245 0 _aHeritage of the ancient world
250 _a2nd
260 _aNew York, USA
_bHolt, Rinehart and Winston
_c1960
942 _cHB
_h930, EAS/O
999 _c1371505
_d1371505